Historia del dragón y la princesa /
Guardado en:
| Autor Principal: | |
|---|---|
| Formato: | Libro |
| Publicado: |
Buenos Aires :
Sm,
2012
|
| Series: | El Barco de Vapor. Blanca ; 4 / Laura Leibiker
|
| Materias: | |
| Etiquetas: |
Agregar Etiqueta
Sin Etiquetas, Sea el primero en etiquetar este registro!
|
| LEADER | 00830nam a22002415a 4500 | ||
|---|---|---|---|
| 001 | CEM.cems015359 | ||
| 005 | 20191122162114.0 | ||
| 008 | 130507s2012##################000#0#####d | ||
| 003 | CEMS | ||
| 020 | |a 9789875730472 | ||
| 082 | 0 | 4 | |a A868.4 |
| 100 | 1 | |a Roldán, Gustavo | |
| 245 | 1 | 0 | |a Historia del dragón y la princesa / |c Gustavo Roldán ; ilustrado Por Mariela Glüzman |
| 260 | |a Buenos Aires : |b Sm, |c 2012 | ||
| 300 | |a 48 p. | ||
| 490 | 0 | |a El Barco de Vapor. Blanca ; 4 / Laura Leibiker | |
| 653 | |a Literatura | ||
| 653 | |a Literatura argentina | ||
| 653 | |a Literatura infantil | ||
| 653 | |a Cuentos infantiles | ||
| 653 | |a Colección ciencias de la educación | ||
| 859 | |a CEMS |b BIB. CEMS - Ccias. Educacion |h A868.4 |i R643-7 |k CE |p 28663.19 |t Ej.1 | ||
| 859 | |a CEMS |b BIB. CEMS - Ccias. Educacion |h A868.4 |i R643-7 |k CE |p 28664.19 |t Ej.2 | ||
